[Event "2. BUNDESLIGA MITTE 2018/2019"]
[Site "Grieskirchen, Friedberg/Sauwald, St. Veit, Deutschlandsberg"]
[Date "2018.11.25"]
[Round "5"]
[Board "4"]
[White "Frosch, Erich"]
[Black "Reichmann, Egon"]
[Result "1/2-1/2"]
[WhiteElo "2205"]
[BlackElo "2215"]
[PlyCount "63"]
[EventDate "2018.10.19"]
[EventType "team"]
[EventRounds "11"]
[EventCountry "AUT"]
[WhiteTeam "EJ Gleisdorf"]
[BlackTeam "SC Die Klagenfurter"]

1. Nf3 d5 2. b3 c6 3. Bb2 Bf5 4. d3 e6 5. Nbd2 Nf6 6. h3 h6 7. g4 Bh7 8. Bg2
Be7 9. Ne5 Nbd7 10. Nxd7 Qxd7 11. Nf3 O-O 12. Ne5 Qc7 13. Qd2 Nd7 14. Nxd7 Qxd7
15. O-O-O a5 16. h4 a4 17. g5 axb3 18. axb3 hxg5 19. hxg5 Qd8 20. f4 Ba3 21.
Bxa3 Rxa3 22. Qb4 Qa5 23. Qxa5 Rxa5 24. Kb2 Rfa8 25. Ra1 Rxa1 26. Rxa1 Rxa1 27.
Kxa1 Kf8 28. Kb2 Ke7 29. Kc3 Kd6 30. Kb4 f6 31. gxf6 gxf6 32. c4  1/2-1/2

[Event "2. BUNDESLIGA MITTE 2018/2019"]
[Site "Grieskirchen, Friedberg/Sauwald, St. Veit, Deutschlandsberg"]
[Date "2018.11.25"]
[Round "5"]
[Board "5"]
[White "Petschar, Kurt"]
[Black "Wegerer, Fred"]
[Result "1/2-1/2"]
[WhiteElo "2239"]
[BlackElo "2182"]
[PlyCount "101"]
[EventDate "2018.10.19"]
[EventType "team"]
[EventRounds "11"]
[EventCountry "AUT"]
[WhiteTeam "SC Die Klagenfurter"]
[BlackTeam "EJ Gleisdorf"]

1. d4 d6 2. e4 g6 3. Nc3 Bg7 4. f4 a6 5. Nf3 Bg4 6. Be3 Nd7 7. Bc4 e6 8. O-O b5
9. Be2 b4 10. Nb1 d5 11. exd5 exd5 12. c3 bxc3 13. Nxc3 Ne7 14. Rc1 Bxf3 15.
Bxf3 c6 16. Na4 O-O 17. Bf2 Re8 18. b3 f5 19. Rxc6 Nf6 20. Rc2 Ne4 21. Be3 Qd6
22. Qc1 Rac8 23. Rd1 Rxc2 24. Qxc2 Nc6 25. a3 Na7 26. Nc5 Nb5 27. a4 Nc7 28.
Rc1 Ne6 29. Nxe6 Qxe6 30. Qc6 Kf7 31. Qxe6+ Rxe6 32. Rc7+ Kf6 33. Bf2 h6 34.
Bh4+ g5 35. fxg5+ Kg6 36. Bxe4 Bxd4+ 37. Bf2 Rxe4 38. Bxd4 Rxd4 39. gxh6 Kxh6
40. Rc6+ Kg5 41. Rxa6 Kf4 42. Rg6 Ke3 43. Rg3+ Ke2 44. h3 Rf4 45. a5 d4 46. a6
d3 47. Rg8 Rf1+ 48. Kh2 Ra1 49. Re8+ Kf2 50. Rd8 Ke2 51. Re8+  1/2-1/2

[Event "2. BUNDESLIGA MITTE 2018/2019"]
[Site "Grieskirchen, Friedberg/Sauwald, St. Veit, Deutschlandsberg"]
[Date "2018.11.25"]
[Round "5"]
[Board "6"]
[White "Ofner, Maximilian"]
[Black "Jakits, Leopold"]
[Result "0-1"]
[WhiteElo "2160"]
[BlackElo "2175"]
[PlyCount "84"]
[EventDate "2018.10.19"]
[EventType "team"]
[EventRounds "11"]
[EventCountry "AUT"]
[WhiteTeam "EJ Gleisdorf"]
[BlackTeam "SC Die Klagenfurter"]

1. e4 c5 2. Nf3 g6 3. c4 Nc6 4. d4 cxd4 5. Nxd4 Nf6 6. Nc3 d6 7. Be2 Nxd4 8.
Qxd4 Bg7 9. Be3 O-O 10. Qd2 Be6 11. Rc1 Qa5 12. f3 Rfc8 13. Nd5 Qxd2+ 14. Kxd2
Nxd5 15. cxd5 Bd7 16. Rxc8+ Rxc8 17. Rc1 Bxb2 18. Rxc8+ Bxc8 19. Bxa7 f5 20.
Bb5 fxe4 21. fxe4 Kf7 22. Kd3 Be5 23. h3 Kf6 24. Be3 g5 25. Be8 Bf4 26. Bd4+
Be5 27. g4 Bxd4 28. Kxd4 e6 29. a4 b6 30. Kc4 Ke7 31. Bc6 Ba6+ 32. Bb5 Bb7 33.
Kd4 Bc8 34. Bc4 Bd7 35. Bb5 Bxb5 36. axb5 Kf6 37. e5+ dxe5+ 38. Ke4 exd5+ 39.
Kxd5 h6 40. Ke4 Ke6 41. Ke3 Kd5 42. h4 gxh4  0-1

[Event "2. BUNDESLIGA MITTE 2018/2019"]
[Site "Grieskirchen, Friedberg/Sauwald, St. Veit, Deutschlandsberg"]
[Date "2018.11.25"]
[Round "5"]
[Board "1"]
[White "Korpa, Bence"]
[Black "Schachinger, Mario"]
[Result "1-0"]
[WhiteElo "2503"]
[BlackElo "2396"]
[PlyCount "77"]
[EventDate "2018.10.19"]
[EventType "team"]
[EventRounds "11"]
[EventCountry "AUT"]
[WhiteTeam "SPG Fuerstenfeld/Hartberg"]
[BlackTeam "Frauental"]

1. Nf3 Nf6 2. g3 g6 3. Bg2 Bg7 4. d4 O-O 5. c4 c5 6. Nc3 cxd4 7. Nxd4 Nc6 8.
O-O d6 9. Nxc6 bxc6 10. Bxc6 Rb8 11. Bg2 Qa5 12. Qd2 Be6 13. b3 Nd7 14. Nd5
Qxd2 15. Nxe7+ Kh8 16. Bxd2 Rbe8 17. Nc6 Bg4 18. e3 Bxa1 19. Rxa1 Ne5 20. Bc3
f6 21. Nxa7 Nf3+ 22. Kh1 Ng5 23. Nb5 Ne4 24. Bxe4 Rxe4 25. Nxd6 Bf3+ 26. Kg1
Re7 27. Nb5 Rd7 28. Nd4 Ba8 29. f3 Kg8 30. Kf2 f5 31. c5 g5 32. b4 f4 33. gxf4
gxf4 34. e4 Rfd8 35. Ne6 Rb8 36. Nxf4 h6 37. Rg1+ Kh7 38. Nh5 Rd3 39. Rg7+  1-0

[Event "2. BUNDESLIGA MITTE 2018/2019"]
[Site "Grieskirchen, Friedberg/Sauwald, St. Veit, Deutschlandsberg"]
[Date "2018.11.25"]
[Round "5"]
[Board "2"]
[White "Cigan, Stefan"]
[Black "Freitag, Manfred"]
[Result "1/2-1/2"]
[WhiteElo "2318"]
[BlackElo "2357"]
[PlyCount "91"]
[EventDate "2018.10.19"]
[EventType "team"]
[EventRounds "11"]
[EventCountry "AUT"]
[WhiteTeam "Frauental"]
[BlackTeam "SPG Fuerstenfeld/Hartberg"]

1. e4 c5 2. Nf3 d6 3. d4 cxd4 4. Nxd4 Nf6 5. Nc3 a6 6. Be2 e5 7. Nf3 h6 8. Nd2
Be7 9. O-O O-O 10. Nc4 b5 11. Ne3 Nbd7 12. a4 b4 13. Ncd5 Nxd5 14. Nxd5 Rb8 15.
a5 Nf6 16. Bc4 Nxd5 17. exd5 Bg5 18. Qe2 Qc7 19. b3 Bb7 20. Bxg5 hxg5 21. Rfd1
g6 22. Ra4 Bc8 23. Qd2 Bg4 24. Rda1 Bf5 25. Qxg5 Bxc2 26. Rc1 Qxc4 27. bxc4
Bxa4 28. Qd2 Rfc8 29. Qa2 Bd7 30. Qb3 Rc5 31. Ra1 Rbc8 32. Qxb4 Rxc4 33. Qd2
Bb5 34. Qg5 Rf4 35. h4 Rc2 36. Qd8+ Kh7 37. f3 Rd4 38. Qxd6 Rdd2 39. Qxe5 Rxg2+
40. Kh1 Rge2 41. Qf4 Kg7 42. h5 f6 43. hxg6 Rc8 44. Rc1 Rh8+ 45. Kg1 Rh5 46.
Rc7+  1/2-1/2

[Event "2. BUNDESLIGA MITTE 2018/2019"]
[Site "Grieskirchen, Friedberg/Sauwald, St. Veit, Deutschlandsberg"]
[Date "2018.11.25"]
[Round "5"]
[Board "3"]
[White "Csonka, Attila"]
[Black "Steiner, Stefan"]
[Result "1-0"]
[WhiteElo "2375"]
[BlackElo "2319"]
[PlyCount "137"]
[EventDate "2018.10.19"]
[EventType "team"]
[EventRounds "11"]
[EventCountry "AUT"]
[WhiteTeam "SPG Fuerstenfeld/Hartberg"]
[BlackTeam "Frauental"]

1. e4 Nc6 2. Nf3 Nf6 3. e5 Ng4 4. d4 d6 5. h3 Nh6 6. Bb5 a6 7. Bxc6+ bxc6 8.
Nc3 g6 9. O-O Nf5 10. g4 Ng7 11. Bh6 Ne6 12. Qc1 Bb7 13. Rd1 Qd7 14. Ne4 O-O-O
15. c4 g5 16. Bxg5 h5 17. d5 hxg4 18. dxe6 Qxe6 19. Nd4 Qxe5 20. Ng3 c5 21.
Ndf5 Rxh3 22. Rd5 Bxd5 23. cxd5 Qxd5 24. Qf4 Qf3 25. Qc4 f6 26. Qe6+ Kb7 27.
Be3 Qc6 28. Rc1 d5 29. Nd4 Qb6 30. Nb3 Qxe6 31. Nxc5+ Kc8 32. Nxe6 Kd7 33. Nxd8
Kxd8 34. Rc6 Kd7 35. Rxa6 e6 36. Kg2 Bd6 37. a3 c5 38. b4 cxb4 39. axb4 Bxb4
40. Ra4 Bc3 41. Rxg4 Rh8 42. Rg7+ Kd6 43. Ne2 Ba5 44. Ra7 Rg8+ 45. Kf3 Bd8 46.
Nd4 Re8 47. Ke2 e5 48. Ra6+ Kd7 49. Nf5 d4 50. Bd2 Re6 51. Ra7+ Kc6 52. Ba5
Bxa5 53. Rxa5 Kb6 54. Rd5 Kc6 55. Rd8 Kc5 56. Kd3 e4+ 57. Ke2 d3+ 58. Ke3 Re5
59. Ng3 f5 60. Kf4 Rd5 61. Rxd5+ Kxd5 62. Nf1 Kd4 63. Kxf5 d2 64. Nxd2 e3 65.
Nf3+ Kd3 66. Ne5+ Kd4 67. f4 e2 68. Nf3+ Ke3 69. Kg4  1-0

[Event "2. BUNDESLIGA MITTE 2018/2019"]
[Site "Grieskirchen, Friedberg/Sauwald, St. Veit, Deutschlandsberg"]
[Date "2018.11.25"]
[Round "5"]
[Board "4"]
[White "Ebner, Hubert"]
[Black "Kuba, Guenter"]
[Result "1/2-1/2"]
[WhiteElo "2243"]
[BlackElo "2329"]
[PlyCount "43"]
[EventDate "2018.10.19"]
[EventType "team"]
[EventRounds "11"]
[EventCountry "AUT"]
[WhiteTeam "Frauental"]
[BlackTeam "SPG Fuerstenfeld/Hartberg"]

1. d4 d5 2. c4 Nc6 3. Nc3 Nf6 4. Nf3 dxc4 5. Bg5 h6 6. Bh4 Nd5 7. e4 Nxc3 8.
bxc3 Qd6 9. Bxc4 e6 10. O-O Be7 11. Bg3 Qd8 12. Qe2 O-O 13. Rad1 Na5 14. Bd3 b6
15. Rfe1 Bb7 16. c4 Re8 17. h4 h5 18. Qe3 Rc8 19. Be5 Nc6 20. Bg3 Na5 21. Be5
Nc6 22. Bg3  1/2-1/2

[Event "2. BUNDESLIGA MITTE 2018/2019"]
[Site "Grieskirchen, Friedberg/Sauwald, St. Veit, Deutschlandsberg"]
[Date "2018.11.25"]
[Round "5"]
[Board "5"]
[White "Spindelboeck, Gernot"]
[Black "Krebs, Johann"]
[Result "1/2-1/2"]
[WhiteElo "2205"]
[BlackElo "2196"]
[PlyCount "66"]
[EventDate "2018.10.19"]
[EventType "team"]
[EventRounds "11"]
[EventCountry "AUT"]
[WhiteTeam "SPG Fuerstenfeld/Hartberg"]
[BlackTeam "Frauental"]

1. d4 g6 2. Nf3 Bg7 3. g3 Nf6 4. Bg2 c5 5. c3 cxd4 6. cxd4 O-O 7. O-O Nc6 8.
Nc3 d6 9. d5 Nb4 10. a3 Na6 11. Nd4 Bd7 12. b4 Qb6 13. Bb2 Ng4 14. e3 Rfc8 15.
Qb3 Ne5 16. Ne4 Nc7 17. a4 a5 18. b5 Ne8 19. Rac1 Nf6 20. Nxf6+ Bxf6 21. f4 Ng4
22. h3 Nh6 23. Kh2 Rc5 24. g4 Bg7 25. Ba3 Rxc1 26. Rxc1 Rc8 27. Rxc8+ Bxc8 28.
Qc3 Bd7 29. Kg3 Kf8 30. Qc4 Ke8 31. Kf3 Bxd4 32. exd4 Kd8 33. Bc1 Qc7  1/2-1/2

[Event "2. BUNDESLIGA MITTE 2018/2019"]
[Site "Grieskirchen, Friedberg/Sauwald, St. Veit, Deutschlandsberg"]
[Date "2018.11.25"]
[Round "5"]
[Board "6"]
[White "Khalakhan, Jurij"]
[Black "Ugroczky, Peter"]
[Result "1-0"]
[WhiteElo "2279"]
[BlackElo "2297"]
[PlyCount "83"]
[EventDate "2018.10.19"]
[EventType "team"]
[EventRounds "11"]
[EventCountry "AUT"]
[WhiteTeam "Frauental"]
[BlackTeam "SPG Fuerstenfeld/Hartberg"]

1. e4 c5 2. Nc3 Nc6 3. f4 g6 4. Nf3 Bg7 5. Bb5 e6 6. Bxc6 bxc6 7. d3 d5 8. e5
Ne7 9. O-O O-O 10. b3 Ba6 11. Na4 Nf5 12. Re1 c4 13. dxc4 dxc4 14. Qxd8 Raxd8
15. Nc5 Bc8 16. Ba3 Nd4 17. Nxd4 Rxd4 18. Ne4 Rfd8 19. Bc5 R4d7 20. Be3 Rf8 21.
Rad1 f5 22. Rxd7 Bxd7 23. Nc5 Bc8 24. Rd1 cxb3 25. axb3 Re8 26. Rd6 Bf8 27.
Rxc6 Bxc5 28. Bxc5 Bb7 29. Rc7 Be4 30. c4 a5 31. Bd6 Rb8 32. c5 Rxb3 33. Rc8+
Kg7 34. c6 Rc3 35. c7 Bb7 36. Rb8 Ba6 37. Ra8 Bb7 38. Rxa5 Rc1+ 39. Kf2 Rc2+
40. Ke3 Bxg2 41. Ra2 Rc3+ 42. Kd4  1-0

[Event "2. BUNDESLIGA MITTE 2018/2019"]
[Site "Grieskirchen, Friedberg/Sauwald, St. Veit, Deutschlandsberg"]
[Date "2018.11.25"]
[Round "5"]
[Board "1"]
[White "Perunovic, Milos"]
[Black "Gajek, Radoslaw"]
[Result "1/2-1/2"]
[WhiteElo "2600"]
[BlackElo "2446"]
[PlyCount "53"]
[EventDate "2018.10.19"]
[EventType "team"]
[EventRounds "11"]
[EventCountry "AUT"]
[WhiteTeam "SC Pinggau-Friedberg"]
[BlackTeam "Schachfreunde Graz"]

1. e4 c5 2. Nf3 d6 3. d4 cxd4 4. Nxd4 Nf6 5. Nc3 a6 6. Be3 e5 7. Nf3 Be7 8. Bc4
O-O 9. O-O Be6 10. Bb3 h6 11. Nh4 Qd7 12. Bxe6 fxe6 13. Ng6 Rf7 14. f4 Nc6 15.
fxe5 Nxe5 16. Nxe7+ Qxe7 17. Qd4 Rc8 18. Rad1 Rc6 19. h3 Nfd7 20. Rxf7 Qxf7 21.
Qa7 b5 22. Qa8+ Qf8 23. Qa7 Qf7 24. Qa8+ Qf8 25. Qa7 Qf7 26. Qa8+ Qf8 27. Qa7
 1/2-1/2

[Event "2. BUNDESLIGA MITTE 2018/2019"]
[Site "Grieskirchen, Friedberg/Sauwald, St. Veit, Deutschlandsberg"]
[Date "2018.11.25"]
[Round "5"]
[Board "2"]
[White "Huber, Martin Christian"]
[Black "Ftacnik, Lubomir"]
[Result "1/2-1/2"]
[WhiteElo "2325"]
[BlackElo "2513"]
[PlyCount "81"]
[EventDate "2018.10.19"]
[EventType "team"]
[EventRounds "11"]
[EventCountry "AUT"]
[WhiteTeam "Schachfreunde Graz"]
[BlackTeam "SC Pinggau-Friedberg"]

1. d4 Nf6 2. c4 g6 3. g3 Bg7 4. Bg2 d5 5. cxd5 Nxd5 6. Nf3 Nb6 7. Nc3 Nc6 8. e3
O-O 9. O-O Re8 10. Nh4 e5 11. d5 Na5 12. Rb1 Nac4 13. b3 Nd6 14. e4 c6 15. dxc6
bxc6 16. Qe2 Be6 17. Ba3 Nbc8 18. Qe3 Qa5 19. Bc5 Nb7 20. Na4 Ncd6 21. Bxd6
Nxd6 22. Rbc1 Qc7 23. Rc5 Nb5 24. Rfc1 Nd4 25. Nf3 Bf8 26. Nxd4 Bxc5 27. Nxc5
exd4 28. Qxd4 Rad8 29. Qc3 Bc8 30. f4 Qd6 31. e5 Qd2 32. Qxd2 Rxd2 33. Ne4 Rxa2
34. Nf6+ Kf8 35. Nxe8 Kxe8 36. Bxc6+ Ke7 37. Bd5 Be6 38. Rc7+ Kd8 39. Rc5 Bxd5
40. Rxd5+ Ke7 41. g4  1/2-1/2

[Event "2. BUNDESLIGA MITTE 2018/2019"]
[Site "Grieskirchen, Friedberg/Sauwald, St. Veit, Deutschlandsberg"]
[Date "2018.11.25"]
[Round "5"]
[Board "3"]
[White "Milanovic, Danilo"]
[Black "Kravanja, Georg"]
[Result "1-0"]
[WhiteElo "2493"]
[BlackElo "2284"]
[PlyCount "77"]
[EventDate "2018.10.19"]
[EventType "team"]
[EventRounds "11"]
[EventCountry "AUT"]
[WhiteTeam "SC Pinggau-Friedberg"]
[BlackTeam "Schachfreunde Graz"]

1. d4 Nf6 2. c4 g6 3. d5 Bg7 4. Nc3 c5 5. e4 d6 6. f3 O-O 7. Bg5 h6 8. Be3 a6
9. Qd2 Kh7 10. a4 Qa5 11. Ra3 Qc7 12. Nge2 e6 13. Nc1 Nbd7 14. Be2 exd5 15.
cxd5 Re8 16. O-O Ne5 17. N1a2 b6 18. Rc1 Bd7 19. Nd1 b5 20. b4 c4 21. Nac3 Qb7
22. Rca1 h5 23. axb5 axb5 24. Ra7 Rxa7 25. Rxa7 Qb8 26. Ra6 Qc7 27. Ra7 Qb8 28.
Qa2 Rc8 29. Qa5 Be8 30. Ra6 Nd3 31. Na2 Bf8 32. Ra7 Nd7 33. Ndc3 N7e5 34. Qa6
Kg8 35. Kf1 Bd7 36. Bd1 Rc7 37. Ra8 Qb7 38. Qxb7 Rxb7 39. Bh6  1-0

[Event "2. BUNDESLIGA MITTE 2018/2019"]
[Site "Grieskirchen, Friedberg/Sauwald, St. Veit, Deutschlandsberg"]
[Date "2018.11.25"]
[Round "5"]
[Board "4"]
[White "Jusic, Zdenko"]
[Black "Schnider, Gert"]
[Result "1-0"]
[WhiteElo "2259"]
[BlackElo "2424"]
[PlyCount "79"]
[EventDate "2018.10.19"]
[EventType "team"]
[EventRounds "11"]
[EventCountry "AUT"]
[WhiteTeam "Schachfreunde Graz"]
[BlackTeam "SC Pinggau-Friedberg"]

1. e4 e6 2. d4 d5 3. Nc3 Bb4 4. e5 c5 5. a3 Ba5 6. Bd2 cxd4 7. Nb5 Bc7 8. f4
Nc6 9. Nf3 a6 10. Nxc7+ Qxc7 11. Bd3 Nge7 12. Qe2 Bd7 13. O-O h6 14. b4 f5 15.
exf6 gxf6 16. a4 a5 17. b5 Nb4 18. Bxb4 axb4 19. Nxd4 Qc5 20. Qe3 O-O-O 21.
Rfe1 e5 22. fxe5 fxe5 23. Qxe5 Rde8 24. Qf4 Rhf8 25. Qh4 Nf5 26. Bxf5 Bxf5 27.
Kh1 Re4 28. Rxe4 dxe4 29. Qxh6 Rd8 30. Nxf5 Qxf5 31. h3 Kb8 32. Re1 e3 33. Qxe3
Rc8 34. Qe4 Qc5 35. Re2 Qc3 36. b6 Qa1+ 37. Kh2 Qxa4 38. Qf4+ Ka8 39. Re4 Qxc2
40. Rxb4  1-0

[Event "2. BUNDESLIGA MITTE 2018/2019"]
[Site "Grieskirchen, Friedberg/Sauwald, St. Veit, Deutschlandsberg"]
[Date "2018.11.25"]
[Round "5"]
[Board "5"]
[White "Schieder, Andreas"]
[Black "Teuschler, Barbara"]
[Result "0-1"]
[WhiteElo "2205"]
[BlackElo "2203"]
[PlyCount "84"]
[EventDate "2018.10.19"]
[EventType "team"]
[EventRounds "11"]
[EventCountry "AUT"]
[WhiteTeam "SC Pinggau-Friedberg"]
[BlackTeam "Schachfreunde Graz"]

1. e4 e5 2. Nf3 Nc6 3. Bc4 Bc5 4. O-O d6 5. c3 Nf6 6. d3 O-O 7. Bb3 h6 8. Nbd2
a6 9. h3 Ba7 10. Re1 Ne7 11. Nh4 Kh7 12. Qf3 Be6 13. Nf1 Nfg8 14. Bc2 f5 15.
Be3 Bxe3 16. fxe3 f4 17. exf4 Rxf4 18. Qg3 g5 19. Nf3 Qf8 20. N1h2 Nf6 21. Bb3
Bd7 22. Rf1 Qg7 23. Bd1 Rg8 24. Nd2 Ng6 25. Bb3 Rf8 26. Bd1 Rxf1+ 27. Ndxf1 Nf4
28. Qe3 g4 29. h4 N6h5 30. Ng3 Nxg3 31. Qxg3 h5 32. Qe3 Qf6 33. Kh1 Qxh4 34. g3
Qh3 35. Qg1 Nxd3 36. Qg2 Qxg2+ 37. Kxg2 Rf2+ 38. Kg1 Rxb2 39. Bb3 Bc6 40. Rf1
Bxe4 41. Rf7+ Kg6 42. Rxc7 Rg2+  0-1

[Event "2. BUNDESLIGA MITTE 2018/2019"]
[Site "Grieskirchen, Friedberg/Sauwald, St. Veit, Deutschlandsberg"]
[Date "2018.11.25"]
[Round "5"]
[Board "6"]
[White "Domarkaite, Laima"]
[Black "Danner, Georg"]
[Result "0-1"]
[WhiteElo "2110"]
[BlackElo "2330"]
[PlyCount "54"]
[EventDate "2018.10.19"]
[EventType "team"]
[EventRounds "11"]
[EventCountry "AUT"]
[WhiteTeam "Schachfreunde Graz"]
[BlackTeam "SC Pinggau-Friedberg"]

1. e4 c5 2. c3 Nf6 3. e5 Nd5 4. d4 cxd4 5. Nf3 d6 6. cxd4 dxe5 7. Nxe5 Nc6 8.
Bc4 e6 9. O-O Be7 10. Nxc6 bxc6 11. Nc3 O-O 12. Ne2 Qb6 13. a3 Ba6 14. Qc2 Bxc4
15. Qxc4 Qb5 16. Qxb5 cxb5 17. Be3 Rac8 18. Rac1 f5 19. g3 Kf7 20. Rxc8 Rxc8
21. Rc1 Rxc1+ 22. Nxc1 Bf6 23. Kf1 Ke7 24. Ke2 Kd6 25. Kd3 g5 26. Ne2 a6 27.
Bd2 Kc6 {[%emt 0:00:01] die restlichen zuege konnten nicht gelesen werden.Nach
90 Zuegen endete die Partie 0:1.}  0-1

[Event "2. BUNDESLIGA MITTE 2018/2019"]
[Site "Grieskirchen, Friedberg/Sauwald, St. Veit, Deutschlandsberg"]
[Date "2019.01.18"]
[Round "6"]
[Board "1"]
[White "Schmidt, Peter"]
[Black "Heinemann, Thies"]
[Result "1/2-1/2"]
[WhiteElo "2399"]
[BlackElo "2509"]
[PlyCount "69"]
[EventDate "2018.10.19"]
[EventType "team"]
[EventRounds "11"]
[EventCountry "AUT"]
[WhiteTeam "SPG Sauwald"]
[BlackTeam "EJ Gleisdorf"]

1. d4 Nf6 2. Nf3 e6 3. g3 b5 4. Bg2 Bb7 5. O-O c5 6. c3 Be7 7. Bg5 Na6 8. Qd3
Qb6 9. a4 b4 10. Nbd2 O-O 11. Nc4 Qc7 12. Bf4 Be4 13. Qxe4 Nxe4 14. Bxc7 Nxc7
15. Nfe5 d5 16. Bxe4 dxe4 17. dxc5 bxc3 18. b4 Nd5 19. Nc6 Rfc8 20. Nxe7+ Nxe7
21. Nd6 Rc7 22. Nb5 Rb7 23. Rab1 Rab8 24. Nxc3 Rxb4 25. Rxb4 Rxb4 26. Rd1 g5
27. Rd7 Nc6 28. Rc7 Ne5 29. Rxa7 Rc4 30. Nb5 g4 31. h3 gxh3 32. Kh2 Rxc5 33.
Rc7 Rd5 34. Kxh3 Rd1 35. Nc3  1/2-1/2

[Event "2. BUNDESLIGA MITTE 2018/2019"]
[Site "Grieskirchen, Friedberg/Sauwald, St. Veit, Deutschlandsberg"]
[Date "2019.01.18"]
[Round "6"]
[Board "2"]
[White "Polzin, Rainer"]
[Black "Renner, Christoph"]
[Result "1-0"]
[WhiteElo "2412"]
[BlackElo "2317"]
[PlyCount "129"]
[EventDate "2018.10.19"]
[EventType "team"]
[EventRounds "11"]
[EventCountry "AUT"]
[WhiteTeam "EJ Gleisdorf"]
[BlackTeam "SPG Sauwald"]

1. e4 e6 2. d4 d5 3. Nc3 Nc6 4. e5 Nge7 5. Nf3 Bd7 6. h4 h5 7. Bg5 Qb8 8. Ne2
a5 9. Nf4 Qa7 10. c3 Qb6 11. Rb1 a4 12. Bd3 Na7 13. b3 Qa5 14. Rc1 Bb5 15. O-O
Bxd3 16. Qxd3 O-O-O (16... Nec8 17. c4) 17. c4 Rd7 18. Bxe7 Bxe7 19. cxd5 exd5
20. e6 fxe6 21. Ne5 Bd6 22. Nxd7 Bxf4 23. Rc5 Qd2 24. Nb6+ Kd8 25. Qxd2 Bxd2
26. Nxa4 Rf8 27. Rd1 Bb4 28. Rc2 b6 29. g3 Nb5 30. Kg2 Kd7 31. Rd3 Be7 32. Nc3
Nd6 33. Ne2 g5 34. hxg5 Bxg5 35. Rd1 Ne4 36. Nc3 Nd6 37. Rh1 Rh8 38. Ne2 Nf5
39. Rc3 Be7 40. Rd3 c5 41. dxc5 bxc5 42. Nf4 h4 43. Re1 hxg3 44. fxg3 Rh6 45.
Rxe6 Rxe6 46. Rxd5+ Rd6 47. Rxf5 Rd2+ 48. Kf3 Rxa2 49. Rd5+ Ke8 50. Rd3 Rc2 51.
Nd5 Bf8 52. Ne3 Rc1 53. Nc4 Kf7 54. Kg4 (54. g4) 54... Bg7 55. Kf5 Rf1+ 56. Ke4
Ke6 57. Rd6+ Ke7 58. Rb6 Bc3 59. g4 Rb1 60. g5 Kf7 61. Nd6+ Kg7 62. Nf5+ Kf8
63. g6 Ke8 64. Kd3 Rf1 65. Nd6+  1-0

[Event "2. BUNDESLIGA MITTE 2018/2019"]
[Site "Grieskirchen, Friedberg/Sauwald, St. Veit, Deutschlandsberg"]
[Date "2019.01.18"]
[Round "6"]
[Board "3"]
[White "Testor, Sebastian"]
[Black "Frosch, Ronald"]
[Result "1/2-1/2"]
[WhiteElo "2293"]
[BlackElo "2284"]
[PlyCount "136"]
[EventDate "2018.10.19"]
[EventType "team"]
[EventRounds "11"]
[EventCountry "AUT"]
[WhiteTeam "SPG Sauwald"]
[BlackTeam "EJ Gleisdorf"]

1. d4 Nf6 2. Nf3 e6 3. c4 d5 4. Nc3 Be7 5. Bf4 O-O 6. e3 a6 7. a3 Nbd7 8. c5
Ne4 9. Qc2 f5 10. h3 Bf6 11. g4 c6 12. Rg1 Qe8 13. g5 e5 14. dxe5 Bxe5 15. Nxe5
Nxe5 16. Bxe5 Qxe5 17. f4 Qe7 18. Nxe4 fxe4 19. Rd1 Bf5 20. Kf2 Bg6 21. Kg3 Bh5
22. Rd4 Rf7 23. h4 Raf8 24. Bh3 Kh8 25. Rc1 Qc7 26. Qd2 Bg6 27. Bg4 Bf5 28. Qe2
Bg6 29. Qd2 Bf5 30. Qe2 Bg6 31. Rf1 Qa5 32. Qc2 Qc7 33. Qd2 Qe7 34. Qc3 Qc7 35.
Rd2 Bf5 36. Bxf5 Rxf5 37. Rdf2 Qd7 38. Qd4 h5 39. gxh6 R5f6 40. f5 gxh6 41. Kh3
Qc7 42. Rg1 Kh7 43. Rfg2 R8f7 44. Qd1 Qe5 45. Rf1 Rxf5 46. Rxf5 Qxf5+ 47. Kh2
Qe5+ 48. Kh1 Rf3 49. Kg1 Qf6 50. Qe1 d4 51. exd4 Qxd4+ 52. Kh2 Qd3 53. Rg4 e3
54. Qb4 Qd2+ 55. Qxd2 exd2 56. Rd4 Rf2+ 57. Kg3 d1=Q 58. Rxd1 Rxb2 59. Kg4 Rb5
60. h5 Rxc5 61. Rd7+ Kg8 62. Rxb7 Rg5+ 63. Kh4 Ra5 64. Kg4 Rxa3 65. Kf5 Rg3 66.
Kf6 Rg5 67. Ra7 Rxh5 68. Ra8+ Kh7  1/2-1/2

[Event "2. BUNDESLIGA MITTE 2018/2019"]
[Site "Grieskirchen, Friedberg/Sauwald, St. Veit, Deutschlandsberg"]
[Date "2019.01.18"]
[Round "6"]
[Board "4"]
[White "Wanderer, Thomas"]
[Black "Taggatz, Mario"]
[Result "1-0"]
[WhiteElo "2225"]
[BlackElo "2210"]
[PlyCount "141"]
[EventDate "2018.10.19"]
[EventType "team"]
[EventRounds "11"]
[EventCountry "AUT"]
[WhiteTeam "EJ Gleisdorf"]
[BlackTeam "SPG Sauwald"]

1. Nf3 d5 2. c4 e6 3. b3 Be7 4. Bb2 Bf6 5. Nc3 Ne7 6. g3 b6 7. cxd5 Nxd5 8. Bg2
Bb7 9. O-O Nd7 10. d4 Nxc3 11. Bxc3 c5 12. Rc1 O-O 13. Qd2 Rc8 14. Rfd1 Qe7 15.
Qb2 Rfd8 16. b4 cxd4 17. Bxd4 Bd5 18. e3 Bxd4 19. Nxd4 Bxg2 20. Kxg2 Ne5 21.
Rxc8 Rxc8 22. Rc1 Qb7+ 23. f3 Rd8 24. Qc3 Qd5 25. Rc2 g5 26. h3 h5 27. Qb3 Qb7
28. g4 hxg4 29. hxg4 Ng6 30. Kg3 Qb8+ 31. Kg2 Nh4+ 32. Kh3 Qb7 33. Kg3 e5 34.
Nc6 Rd6 35. b5 Rf6 36. Rf2 Qc7 37. e4 Ng6 38. Rd2 Nh4 39. Rd3 Kg7 40. Qc3 Ng6
41. Qd2 Nf4 42. Rd7 Qc8 43. Rd8 Qe6 44. Qb4 Ng6 45. Qb3 Nf4 46. Qxe6 Rxe6 47.
Nxa7 Rh6 48. Nc6 Rh3+ 49. Kf2 Rh2+ 50. Ke1 f6 51. Rd7+ Kf8 52. Rd8+ Kf7 53.
Rd7+ Ke6 54. Rd2 Rh1+ 55. Kf2 Rh2+ 56. Ke3 Rxd2 57. Kxd2 Kd6 58. a4 Kc5 59. Nb8
Kb4 60. Nd7 Kxa4 61. Nxb6+ Kxb5 62. Nd7 Kc4 63. Nxf6 Kd4 64. Nh7 Ne6 65. Nf6
Nc5 66. Ke2 Ne6 67. Nh5 Kc3 68. Ke3 Kc2 69. Nf6 Nf8 70. Ne8 Kc3 71. Nd6  1-0

[Event "2. BUNDESLIGA MITTE 2018/2019"]
[Site "Grieskirchen, Friedberg/Sauwald, St. Veit, Deutschlandsberg"]
[Date "2019.01.18"]
[Round "6"]
[Board "5"]
[White "Hiermann, Dietmar"]
[Black "Frosch, Erich"]
[Result "1-0"]
[WhiteElo "2203"]
[BlackElo "2205"]
[PlyCount "159"]
[EventDate "2018.10.19"]
[EventType "team"]
[EventRounds "11"]
[EventCountry "AUT"]
[WhiteTeam "SPG Sauwald"]
[BlackTeam "EJ Gleisdorf"]

1. e4 e5 2. Nf3 Nc6 3. Bc4 Nf6 4. d3 Bc5 5. c3 h6 6. Nbd2 O-O 7. O-O d6 8. Bb3
a5 9. h3 Be6 10. Re1 Qc8 11. Nf1 Bxb3 12. Qxb3 a4 13. Qc2 Nh5 14. N1h2 f5 15.
d4 fxe4 16. Qxe4 Nf6 17. Qg6 Ne7 18. Qc2 Bb6 19. dxe5 dxe5 20. Rxe5 Qd7 21. Bd2
Nc6 22. Re2 Qf7 23. a3 Ra5 24. Rae1 Nh5 25. Re4 Qg6 26. c4 Raf5 27. Rg4 Bxf2+
28. Kh1 Ng3+ 29. Rxg3 Bxg3 30. Rg1 Qd6 31. Bc3 Bxh2 32. Nxh2 Nd4 33. Qd3 Rf4
34. c5 Qd5 35. Rd1 Rf2 36. Qg3 Nf5 37. Qg4 Qf7 38. Re1 h5 39. Qg5 h4 40. Nf3
Qd5 41. Nxh4 Qf7 42. Nf3 Rc2 43. Re5 Qd7 44. Qg4 Qd1+ 45. Kh2 Nh6 46. Qe6+ Kh8
47. Rg5 Rxc3 48. bxc3 Qc1 49. Qe5 Qf4+ 50. Qxf4 Rxf4 51. Nd4 Rf2 52. c6 bxc6
53. Rc5 Ra2 54. Rxc6 Rxa3 55. Rxc7 Kg8 56. g4 Nf7 57. h4 Nd6 58. g5 Ne4 59. Nb5
Rb3 60. g6 Kf8 61. c4 a3 62. Ra7 Rb2+ 63. Kh3 a2 64. h5 Nf6 65. Kh4 Rh2+ 66.
Kg3 Rc2 67. Nd6 Nxh5+ 68. Kf3 Rc3+ 69. Ke4 Rg3 70. Ra8+ Ke7 71. Nf5+ Kf6 72.
Nxg3 Nxg3+ 73. Kd5 Ne2 74. Ra6+ Ke7 75. c5 Kd7 76. Ra7+ Kc8 77. Kd6 Nc3 78. Ke6
Kb8 79. Ra3 Kc7 80. c6  1-0